[Event "Challenge"]
[Site "http://www.queenalice.com/game.php?id=1271729"]
[Date "2014.4.10"]
[Round "-"]
[White "filomenos"]
[Black "gustavline"]
[Result "1/2-1/2"]
[WhiteElo "1957"]
[BlackElo "1809"]

1. d4 Nf6 2. g3 g6 3. Bg2 Bg7 4. Nf3 d6 5. O-O c6 6. c3 O-O 7. Nbd2 a5 8. a4
Nbd7 9. Nb3 Re8 10. Re1 e6 11. Bg5 h6 12. Bxf6 Nxf6 13. Qc2 b6 14. Nfd2 d5 15.
e4 Ba6 16. exd5 exd5 17. Nf3 Qc7 18. Nc1 Rxe1+ 19. Nxe1 Re8 20. Ncd3 Bc8 21. Nf3
Bf5 22. Qd2 Ne4 23. Qd1 Bg4 24. Qc2 Bf5 25. Qd1 Bg4 26. Qc2 Bf5 27. Qd1 Bg4 28.
Qc1 Bf5 29. Nd2 Nd6 30. Ne1 Kh7 31. Nef3 f6 32. Nf1 h5 33. N1d2 Bh6 1/2-1/2

[Event "Let's Play Chess!"]
[Site "http://www.queenalice.com/game.php?id=1271850"]
[Date "2014.4.11"]
[Round "-"]
[White "gustavline"]
[Black "novoselic"]
[Result "1-0"]
[WhiteElo "1804"]
[BlackElo "1987"]

1. d4 Nf6 2. Nf3 e6 3. e3 c5 4. c3 d5 5. Bd3 c4 6. Bc2 Bd6 7. O-O O-O 8. Re1 Nc6
9. Nbd2 Re8 10. e4 dxe4 11. Nxe4 b6 12. Bg5 Be7 13. Nfd2 b5 14. Qf3 Bb7 15.
Nxf6+ Bxf6 16. Bxf6 Qxf6 17. Qxf6 gxf6 18. Re3 Kh8 19. Ne4 f5 20. Nc5 Na5 21. b4
cxb3 22. axb3 Nxb3 23. Bxb3 Bc6 24. Re2 a5 25. Rea2 a4 26. Bc2 Rg8 27. g3 f4 28.
Be4 Bxe4 29. Nxe4 f5 30. Nd6 Rab8 31. Rb1 Rb6 32. Nxb5 fxg3 33. hxg3 Rgb8 34. c4
Kg7 35. Rxa4 Rc8 36. c5 Rbb8 37. Rab4 Kf6 38. Nd6 Rd8 39. Rxb8 1-0

[Event "Let's Play Chess!"]
[Site "http://www.queenalice.com/game.php?id=1272071"]
[Date "2014.4.11"]
[Round "-"]
[White "igorjava"]
[Black "gustavline"]
[Result "1-0"]
[WhiteElo "1918"]
[BlackElo "1821"]

1. e4 Nf6 2. e5 Nd5 3. c4 Nb6 4. d4 d6 5. Nf3 dxe5 6. Nxe5 N6d7 7. Nf3 g6 8. Be2
Bg7 9. O-O b6 10. Nc3 O-O 11. Bg5 h6 12. Bh4 Bb7 13. d5 Nc5 14. Qc2 a6 15. Rae1
Bc8 16. Bd1 Bf6 17. Bxf6 exf6 18. b4 Bf5 19. Qd2 Ne4 20. Nxe4 Bxe4 21. Rxe4 Kg7
22. Rfe1 Nd7 23. Nd4 Ne5 24. Bb3 Re8 25. f4 Ng4 26. Rxe8 Qxe8 27. Rxe8 Rxe8 28.
Nc2 1-0

[Event "New York"]
[Site "http://www.queenalice.com/game.php?id=1274421"]
[Date "2014.4.19"]
[Round "-"]
[White "Hourglass"]
[Black "gustavline"]
[Result "1-0"]
[WhiteElo "1950"]
[BlackElo "1815"]

1. e4 Nf6 2. e5 Nd5 3. d4 e6 4. a3 c5 5. c3 cxd4 6. cxd4 Nc6 7. Nf3 Be7 8. Be2
O-O 9. O-O a6 10. Nc3 Nc7 11. Qc2 f6 12. exf6 Bxf6 13. Bd3 g6 14. Be3 d5 15.
Bxg6 Qe7 16. Bh5 e5 17. dxe5 Nxe5 18. Nxe5 Bxe5 19. Rae1 Qh4 20. h3 Qxh5 21. Qb3
Qf7 22. Bb6 d4 23. Qxf7+ Rxf7 24. Rxe5 dxc3 25. Rg5+ Kf8 26. Bc5+ Ke8 27. Re1+
Kd7 28. Rd1+ Kc6 29. Rd6+ Kb5 30. Bd4+ Kc4 31. Bxc3 Ne6 32. Rg4+ Kb3 33. Rb6+
Kc2 34. Re4 Kd3 35. Re3+ Kc4 36. b3+ Kd5 37. Re5# 1-0

[Event "Roma"]
[Site "http://www.queenalice.com/game.php?id=1274422"]
[Date "2014.4.19"]
[Round "-"]
[White "gustavline"]
[Black "Hourglass"]
[Result "0-1"]
[WhiteElo "1827"]
[BlackElo "2050"]

1. d4 d5 2. c4 e6 3. Nc3 Nf6 4. Nf3 Bd7 5. Bg5 Be7 6. e3 Bc6 7. Bd3 b6 8. Qc2
O-O 9. Bxf6 Bxf6 10. Bxh7+ Kh8 11. Bd3 Nd7 12. O-O-O a6 13. h4 Be7 14. h5 Bg5
15. Nxg5 Qxg5 16. Rdg1 Nf6 17. f4 Qg3 18. Rh3 Qg4 19. Be2 Qf5 20. Qxf5 exf5 21.
b3 Kg8 22. g4 fxg4 23. Bxg4 Nxg4 24. Rxg4 Bd7 25. Rhg3 Bxg4 26. Rxg4 dxc4 27.
bxc4 Kh7 28. Kd2 Rad8 29. Kd3 Kh6 30. Rh4 Rfe8 31. e4 Rb8 32. Nd5 Rb7 33. e5 a5
34. Ke4 c6 35. Ne3 b5 36. c5 b4 37. Nc4 Rf8 38. Rh3 a4 39. f5 b3 40. axb3 Rxb3
41. Rxb3 axb3 42. Kd3 Rb8 43. Kc3 Kxh5 44. Nb6 Rd8 45. e6 fxe6 46. fxe6 Re8 47.
Kxb3 g5 48. d5 cxd5 49. Nxd5 Rxe6 50. Kc4 Kh4 51. Nc7 Rc6 52. Nd5 g4 53. Nf4 g3
54. Kd5 Rf6 55. Ng2+ Kh3 56. Ne3 Rf3 57. Kd4 Rxe3 0-1

[Event "Let's Play Chess!"]
[Site "http://www.queenalice.com/game.php?id=1495880"]
[Date "2017.9.22"]
[Round "-"]
[White "Useless"]
[Black "gustavline"]
[Result "1-0"]
[WhiteElo "1796"]
[BlackElo "1822"]

1. e4 c5 2. Nf3 Nc6 3. Bb5 g6 4. Nc3 Bg7 5. O-O d6 6. d3 Nf6 7. e5 dxe5 8. Bg5
O-O 9. Bxc6 bxc6 10. Nxe5 Bb7 11. Qf3 Rc8 12. Rfe1 Qb6 13. Bxf6 exf6 14. Nd7
Qxb2 15. Nxf8 Rxf8 16. Ne4 f5 17. Nxc5 Qb6 18. Nd7 Qd8 19. Nxf8 Bxa1 20. Nxh7
Bc3 21. Rb1 Qe7 22. Qh3 Ba6 23. Qh6 Bg7 24. Rb8+ Bf8 25. Rxf8+ 1-0

[Event "Challenge"]
[Site "http://www.queenalice.com/game.php?id=1496210"]
[Date "2017.9.23"]
[Round "-"]
[White "Eggchaser"]
[Black "gustavline"]
[Result "1-0"]
[WhiteElo "1937"]
[BlackElo "1819"]

1. e4 c5 2. Nf3 Nc6 3. d4 cxd4 4. Nxd4 g6 5. Be3 Bg7 6. c4 Qb6 7. Nb5 Qd8 8.
N1c3 a6 9. Nd4 Nf6 10. Be2 d6 11. O-O O-O 12. Rc1 Bd7 13. Qd2 Ne5 14. f3 Rc8 15.
b3 Nc6 16. Rfd1 Nh5 17. Nxc6 Bxc6 18. Bd4 e5 19. Be3 f5 20. exf5 Rxf5 21. Qxd6
Qxd6 22. Rxd6 Re8 23. Bd3 Rf6 24. Rxf6 Bxf6 25. Be4 Rd8 26. Bxc6 bxc6 27. Ne4
Be7 28. Rc2 Nf6 29. Nxf6+ Bxf6 30. Rd2 Rxd2 31. Bxd2 Kf7 32. Kf2 Ke6 33. Be3 c5
34. Bxc5 Kd7 35. Ke3 Kc6 36. Bb4 Kb6 37. Ke4 a5 38. Bd6 Kc6 39. Bxe5 Bxe5 40.
Kxe5 Kc5 41. Kf6 Kb4 42. Kg7 Ka3 43. c5 Kb4 44. c6 1-0

[Event "Let's Play Chess!"]
[Site "http://www.queenalice.com/game.php?id=1499165"]
[Date "2017.10.16"]
[Round "-"]
[White "gustavline"]
[Black "ulisses34"]
[Result "1-0"]
[WhiteElo "1805"]
[BlackElo "1758"]

1. c4 c6 2. Nc3 e5 3. g3 d6 4. Bg2 Be7 5. d3 Na6 6. Nf3 Nf6 7. O-O Nc5 8. b4 Ne6
9. Be3 Ng4 10. Bd2 h6 11. h3 Nf6 12. a4 Nd4 13. Be3 Nxf3+ 14. exf3 Be6 15. b5 c5
16. a5 Qd7 17. a6 b6 18. f4 Bf5 19. Bc6 1-0

[Event "Let's Play Chess!"]
[Site "http://www.queenalice.com/game.php?id=1501299"]
[Date "2017.10.31"]
[Round "-"]
[White "Daniel1962"]
[Black "gustavline"]
[Result "1-0"]
[WhiteElo "1751"]
[BlackElo "1808"]

1. d4 Nf6 2. Nc3 g6 3. Bf4 Bg7 4. e3 O-O 5. Nf3 Nc6 6. Nb5 d6 7. Bc4 a6 8. Nc3
b5 9. Bd5 Nxd5 10. Nxd5 e6 11. Nc3 Re8 12. Qe2 Ne7 13. O-O-O Bd7 14. h4 h6 15.
g4 f5 16. gxf5 exf5 17. h5 g5 18. Nxg5 hxg5 19. Bxg5 Kf7 20. h6 Bh8 21. Qh5+ Ke6
22. d5+ 1-0

[Event "Challenge"]
[Site "http://www.queenalice.com/game.php?id=1501396"]
[Date "2017.10.31"]
[Round "-"]
[White "gustavline"]
[Black "Daniel1962"]
[Result "0-1"]
[WhiteElo "1807"]
[BlackElo "1730"]

1. c4 c5 2. Nc3 Nf6 3. g3 g6 4. Bg2 Nc6 5. d3 Bg7 6. Nf3 O-O 7. O-O d6 8. Be3
Ng4 9. Bd2 Nd4 10. e3 Nf5 11. h3 Ne5 12. e4 Nd4 13. Nxd4 cxd4 14. Ne2 Nxd3 15.
Qb3 Nc5 16. Qd1 d3 17. Nf4 Bxb2 18. Rb1 Bd4 19. Bb4 a5 20. Bxc5 dxc5 21. Qxd3 e5
22. Nd5 Be6 23. Rxb7 Bxd5 24. exd5 Rb8 25. Rfb1 Rxb7 26. Rxb7 Qf6 27. Qf3 Qxf3
28. Bxf3 Ra8 29. d6 Rd8 30. d7 Kg7 31. Rc7 a4 32. Bc6 e4 33. Bxe4 Be5 34. Bc6
Bxc7 35. Kg2 Kf6 36. f4 Ke6 37. Bxa4 Kf5 38. Kf3 f6 39. Bc6 h6 40. g4+ Ke6 41.
Ke4 f5+ 42. gxf5+ gxf5+ 43. Ke3 Ba5 44. h4 h5 45. a4 Rxd7 46. Bxd7+ Kxd7 47. Kd3
Kc6 48. Kc2 Be1 0-1

[Event "Let's Play Chess!"]
[Site "http://www.queenalice.com/game.php?id=1501625"]
[Date "2017.11.2"]
[Round "-"]
[White "ztnilz"]
[Black "gustavline"]
[Result "1-0"]
[WhiteElo "1783"]
[BlackElo "1788"]

1. e4 c5 2. Nf3 Nc6 3. Nc3 g6 4. d4 cxd4 5. Nxd4 Bg7 6. Be3 d6 7. Bb5 Bd7 8.
Nxc6 Bxc6 9. Be2 Bxc3+ 10. bxc3 Bxe4 11. O-O Qc7 12. c4 Nf6 13. f3 Bc6 14. a4 h5
15. c3 Nd7 16. Rb1 Qa5 17. Rb4 Nb6 18. Bxb6 axb6 19. Re1 Ra7 20. Qd4 O-O 21.
Qxb6 Qxb6+ 22. Rxb6 Rxa4 23. h3 Rfa8 24. Bf1 Ra2 25. Rxe7 Rc2 26. Rb3 Ra4 27.
Re1 Rxc4 28. Bxc4 d5 29. Bf1 1-0

[Event "Let's Play Chess!"]
[Site "http://www.queenalice.com/game.php?id=1501630"]
[Date "2017.11.2"]
[Round "-"]
[White "gustavline"]
[Black "ztnilz"]
[Result "1-0"]
[WhiteElo "1772"]
[BlackElo "1789"]

1. c4 e5 2. Nc3 c6 3. g3 Nf6 4. Bg2 b6 5. d3 Be7 6. Nf3 d6 7. O-O Bb7 8. Be3 O-O
9. b4 a6 10. a4 Nbd7 11. a5 c5 12. bxc5 bxc5 13. Bg5 h6 14. Bd2 d5 15. cxd5 Nxd5
16. Rb1 Rb8 17. e4 Nxc3 18. Bxc3 Bf6 19. Bh3 Re8 20. Qa4 Nf8 21. Rb6 Qxd3 22.
Qb3 Qxe4 23. Bg2 Nd7 24. Rd6 Qf5 25. Qd1 e4 26. Bxf6 Nxf6 27. Nh4 Qe5 28. Re1
Qc3 29. Re3 Qxa5 30. Rxf6 gxf6 31. Qg4+ Kf8 32. Bxe4 Bxe4 33. Rxe4 Rxe4 34. Qxe4
Qa1+ 35. Kg2 Qe5 36. Qh7 c4 37. Nf5 Ke8 38. Qg8+ Kd7 39. Qxf7+ Kd8 40. Qf8+ Kd7
41. Qf7+ Kc8 42. Ne7+ Kd7 43. Ng6+ 1-0

[Event "Let's Play Chess!"]
[Site "http://www.queenalice.com/game.php?id=1502719"]
[Date "2017.11.9"]
[Round "-"]
[White "gustavline"]
[Black "kinghenry"]
[Result "1-0"]
[WhiteElo "1790"]
[BlackElo "1814"]

1. c4 Nf6 2. Nc3 c6 3. g3 d5 4. cxd5 cxd5 5. Bg2 e6 6. Nf3 Bd7 7. O-O Bc6 8. d4
h6 9. b3 Bb4 10. Bb2 Bd6 11. a4 g5 12. e3 Ne4 13. Nd2 Nxc3 14. Bxc3 h5 15. e4 h4
16. e5 Bc7 17. Qg4 f5 18. exf6 Qxf6 19. Rfe1 Bd7 20. Bxd5 Kf7 21. Bxb7 hxg3 22.
fxg3 Nc6 23. Bxa8 Rxa8 24. Rf1 Bf4 25. gxf4 Kg6 26. fxg5 Qh8 27. Rf6+ Kg7 28. d5
Ne5 29. Bxe5 Qg8 30. Rh6+ Kf8 31. Rf1+ Ke7 32. d6+ Kd8 33. Bf6+ Kc8 34. Qc4+ Kb7
35. Qc7+ Ka6 36. Qxd7 Rb8 37. Rc1 Qf8 38. Rh7 Ra8 39. Qb7+ Ka5 40. Qb5# 1-0

[Event "Challenge"]
[Site "http://www.queenalice.com/game.php?id=1505380"]
[Date "2017.11.24"]
[Round "-"]
[White "gustavline"]
[Black "kinghenry"]
[Result "1/2-1/2"]
[WhiteElo "1789"]
[BlackElo "1766"]

1. c4 e6 2. Nc3 Be7 3. g3 Nc6 4. Bg2 Bb4 5. Nf3 Bxc3 6. bxc3 Nf6 7. d3 h6 8. O-O
g5 9. e4 d6 10. Rb1 e5 11. Ba3 Bg4 12. h3 Be6 13. Rxb7 g4 14. hxg4 Bxg4 15. Qa4
Qd7 16. Rfb1 O-O 17. d4 Bxf3 18. Bxf3 exd4 19. cxd4 Nxd4 20. Qd1 Nxf3+ 21. Qxf3
Nh7 22. e5 Qh3 23. exd6 Ng5 24. Qf4 cxd6 25. Bxd6 Rfe8 26. Rc7 Qe6 27. Kh2 Qe4
28. Rbb7 Nf3+ 29. Kh3 Ng5+ 30. Kh2 Nf3+ 31. Kh3 Ng5+ 32. Kh2 1/2-1/2

[Event "Challenge"]
[Site "http://www.queenalice.com/game.php?id=1509011"]
[Date "2017.12.22"]
[Round "-"]
[White "ztnilz"]
[Black "gustavline"]
[Result "0-1"]
[WhiteElo "1777"]
[BlackElo "1776"]

1. e4 c5 2. Nf3 Nc6 3. d3 d6 4. Nc3 g6 5. Be2 Bg7 6. Bd2 Nf6 7. Be3 O-O 8. O-O
a6 9. a4 Qb6 10. Rb1 Be6 11. d4 cxd4 12. Nxd4 Qc7 13. Nxc6 bxc6 14. f4 Rfb8 15.
Bf3 Nd7 16. Qd2 Qa5 17. Bd4 c5 18. Bxg7 Kxg7 19. Qe1 Rb6 20. e5 Rab8 21. b3 Bf5
22. Be4 dxe5 23. Bxf5 gxf5 24. fxe5 e6 25. Ne2 Qxe1 26. Rfxe1 Nxe5 27. Nc3 Ng6
28. g3 Rd6 29. Red1 Rbd8 30. Rxd6 Rxd6 31. Rd1 Rxd1+ 32. Nxd1 Kf6 33. Kf2 Ke5
34. Ke3 f4+ 35. gxf4+ Nxf4 36. Nc3 Nd5+ 37. Nxd5 Kxd5 38. c4+ Ke5 39. h3 h5 40.
h4 f5 41. a5 f4+ 42. Kf3 Kf5 43. Ke2 Ke4 44. Kd2 f3 45. b4 cxb4 0-1

[Event "Challenge"]
[Site "http://www.queenalice.com/game.php?id=1509012"]
[Date "2017.12.22"]
[Round "-"]
[White "gustavline"]
[Black "ztnilz"]
[Result "1/2-1/2"]
[WhiteElo "1776"]
[BlackElo "1766"]

1. c4 e5 2. Nc3 c6 3. g3 Nf6 4. Bg2 d6 5. d3 Be7 6. Nf3 O-O 7. Be3 b6 8. O-O Bb7
9. b4 Qc7 10. a4 a6 11. b5 d5 12. cxd5 cxd5 13. d4 e4 14. Ne5 Nbd7 15. Nxd7 Qxd7
16. Rc1 a5 17. f3 exf3 18. exf3 Rfe8 19. Kf2 Bb4 20. Ne2 Rac8 21. Nf4 Qe7 22.
Qe2 Qd6 23. Bh3 Rc7 24. Rxc7 Qxc7 25. Rc1 Qb8 26. Nd3 Bd6 27. Nf4 Bxf4 28. gxf4
Nh5 29. Qd2 g5 30. Rg1 Kh8 31. Rxg5 Ng7 32. Re5 Qd6 33. Rxe8+ Nxe8 34. Bf1 Ng7
35. Bd3 f5 36. Qc2 Qd7 37. Qc1 Qd6 38. Bf1 Qd7 39. Bh3 1/2-1/2

[Event "Challenge"]
[Site "http://www.queenalice.com/game.php?id=1510383"]
[Date "2018.1.2"]
[Round "-"]
[White "MADMIKE"]
[Black "gustavline"]
[Result "1/2-1/2"]
[WhiteElo "1838"]
[BlackElo "1773"]

1. d4 g6 2. e4 Bg7 3. Nf3 d6 4. h3 Nf6 5. Nc3 O-O 6. Be2 c6 7. O-O a6 8. Bg5 b5
9. e5 dxe5 10. dxe5 Qxd1 11. Raxd1 Nfd7 12. Bxe7 Re8 13. Bd6 Nxe5 14. Nxe5 Bxe5
15. Bxe5 Nd7 16. Bd6 c5 17. Nd5 Rxe2 18. Rc1 Bb7 19. Nf4 Ree8 20. c4 b4 21. b3
g5 22. Nd5 Re2 23. Ra1 Rae8 24. a3 Rb2 25. axb4 cxb4 26. Bxb4 Rxb3 27. Bd2 h6
28. Be3 f5 29. Rfe1 f4 30. Bd4 Rxe1+ 31. Rxe1 Bxd5 32. cxd5 Kf7 33. Re6 h5 34.
Rxa6 Rd3 35. Bb2 Rxd5 36. Ra7 Ke6 37. Ra6+ Kf5 38. Kh2 Rd2 39. Ra5+ Kg6 40. Ra6+
Kf5 41. Ra5+ Kg6 1/2-1/2

[Event "Challenge"]
[Site "http://www.queenalice.com/game.php?id=1510384"]
[Date "2018.1.2"]
[Round "-"]
[White "gustavline"]
[Black "MADMIKE"]
[Result "0-1"]
[WhiteElo "1788"]
[BlackElo "1802"]

1. c4 c5 2. Nc3 Nf6 3. g3 e5 4. Bg2 Be7 5. d3 O-O 6. Nf3 h6 7. O-O Nc6 8. Be3 a6
9. a3 d6 10. Rb1 Ng4 11. h3 Nxe3 12. fxe3 Bg5 13. Kf2 f5 14. h4 Bf6 15. e4 f4
16. Rh1 Bg4 17. Bh3 fxg3+ 18. Kxg3 Bxf3 19. exf3 Bxh4+ 0-1

[Event "Challenge 3"]
[Site "http://www.queenalice.com/game.php?id=1524366"]
[Date "2018.4.20"]
[Round "-"]
[White "ztnilz"]
[Black "gustavline"]
[Result "1-0"]
[WhiteElo "1862"]
[BlackElo "1749"]

1. e4 c5 2. Nf3 Nc6 3. Bc4 d6 4. Be2 g6 5. c3 Bg7 6. O-O Nf6 7. Qc2 O-O 8. d4
cxd4 9. cxd4 a6 10. Rd1 Bd7 11. Nc3 b5 12. a3 Qb6 13. h3 Rac8 14. Be3 Qb7 15.
Qd3 Na5 16. Nd2 Rc6 17. Bf3 Qc7 18. g4 Rb6 19. e5 Ne8 20. d5 Rb8 21. exd6 Nxd6
22. Bf4 h6 23. Nde4 Nab7 24. Qd2 Kh7 25. Bg2 1-0

[Event "Challenge 4"]
[Site "http://www.queenalice.com/game.php?id=1524367"]
[Date "2018.4.20"]
[Round "-"]
[White "gustavline"]
[Black "ztnilz"]
[Result "0-1"]
[WhiteElo "1761"]
[BlackElo "1850"]

1. c4 d6 2. Nc3 c6 3. g3 g6 4. Bg2 Bg7 5. Nf3 Nf6 6. O-O e5 7. d3 O-O 8. Be3 Qc7
9. b4 a6 10. a4 Bd7 11. b5 cxb5 12. axb5 a5 13. Na4 Be6 14. Bb6 Qc8 15. Qd2 Nfd7
16. Bxa5 e4 17. dxe4 Bxa1 18. Rxa1 Qxc4 19. Bb4 Qxb5 20. Bxd6 Rxa4 21. Rxa4 Qxa4
22. Bxf8 Kxf8 23. h3 Kg7 24. Nd4 b5 25. e3 b4 0-1